Lyrics - Beatles - Martha My Dear - Statistics

General Stats
  • This quiz has been taken 316 times
  • The average score is 112 of 138
Answer Stats
Answer % Correct
Martha
100%
my
100%
dear
99%
I
97%
you
95%
a
94%
me
94%
in
92%
love
91%
for
88%
be
87%
don't
87%
to
86%
your
86%
girl
84%
look
83%
what
83%
forget
82%
silly
82%
it
81%
of
81%
please
80%
good
79%
the
79%
around
78%
done
78%
you've
78%
when
77%
remember
76%
see
75%
all
74%
and
74%
take
74%
up
74%
yourself
74%
find
73%
head
73%
is
73%
hold
70%
have
68%
thick
68%
conversation
63%
though
63%
were
63%
help
62%
days
61%
meant
61%
other
61%
spend
61%
always
60%
been
60%
each
60%
that
59%
bit
55%
inspiration
54%
hand
51%
out
43%
you're
28%
bound
16%
No matching quizzes found
Score Distribution
Percent of People with Each Score
Percentile by Number Answered
Your Score History
You have not taken this quiz